<?xml version="1.0" encoding="UTF-8"?>
<record
    xmlns:xsi="http://www.w3.org/2001/XMLSchema-instance"
    xsi:schemaLocation="http://www.loc.gov/MARC21/slim http://www.loc.gov/standards/marcxml/schema/MARC21slim.xsd"
    xmlns="http://www.loc.gov/MARC21/slim">

  <leader>01190nam0a22003011  4500</leader>
  <controlfield tag="001">v19\rc\1643655</controlfield>
  <controlfield tag="005">20250619052336.0</controlfield>
  <datafield tag="035" ind1=" " ind2=" ">
    <subfield code="a">(NLR Aleph) 004839139</subfield>
  </datafield>
  <datafield tag="090" ind1=" " ind2=" ">
    <subfield code="a">4803101</subfield>
    <subfield code="c">4803101</subfield>
  </datafield>
  <datafield tag="100" ind1=" " ind2=" ">
    <subfield code="a">20061002d1886    |||y0rusy50      ca</subfield>
  </datafield>
  <datafield tag="101" ind1="0" ind2=" ">
    <subfield code="a">rus</subfield>
  </datafield>
  <datafield tag="102" ind1=" " ind2=" ">
    <subfield code="a">RU</subfield>
  </datafield>
  <datafield tag="105" ind1=" " ind2=" ">
    <subfield code="a">a   z   |||||</subfield>
  </datafield>
  <datafield tag="200" ind1="1" ind2=" ">
    <subfield code="a">&#x412;&#x44B;&#x431;&#x43E;&#x440; &#x437;&#x44F;&#x442;&#x44F;</subfield>
    <subfield code="e">&#x41E;&#x43F;&#x435;&#x440;&#x430;-&#x431;&#x443;&#x444;&#x444; &#x432; 3 &#x434;.</subfield>
    <subfield code="e">&#x41F;&#x435;&#x440;&#x435;&#x434;&#x435;&#x43B;&#x430;&#x43D;&#x430; &#x438;&#x437; &#x43E;&#x43F;&#x435;&#x440;&#x44B;-&#x431;&#x443;&#x444;&#x444; "Le pr&#xE9;somptit"</subfield>
    <subfield code="f">&#x41C;&#x443;&#x437;. &#x413;&#x440;&#x435;&#x433;&#x430;</subfield>
    <subfield code="g">&#x420;&#x443;&#x441;. &#x442;&#x435;&#x43A;&#x441;&#x442; &#x418;. &#x41A;-&#x432;&#x430; &#x438; &#x410;. &#x41D;-&#x432;&#x430;</subfield>
  </datafield>
  <datafield tag="210" ind1=" " ind2=" ">
    <subfield code="a">&#x421;&#x430;&#x43D;&#x43A;&#x442;-&#x41F;&#x435;&#x442;&#x435;&#x440;&#x431;&#x443;&#x440;&#x433;</subfield>
    <subfield code="c">&#x442;&#x438;&#x43F;. &#x438; &#x43B;&#x438;&#x442;. &#x410;. &#x41F;&#x43E;&#x436;&#x430;&#x440;&#x43E;&#x432;&#x43E;&#x439;</subfield>
    <subfield code="d">1886</subfield>
  </datafield>
  <datafield tag="215" ind1=" " ind2=" ">
    <subfield code="a">32 &#x441;.</subfield>
    <subfield code="c">&#x438;&#x43B;.</subfield>
    <subfield code="d">26</subfield>
  </datafield>
  <datafield tag="300" ind1=" " ind2=" ">
    <subfield code="a">2 &#x430;&#x432;&#x442;. &#x440;&#x430;&#x441;&#x43A;&#x440;&#x44B;&#x442; &#x43F;&#x43E; &#x438;&#x437;&#x434;.: &#x41A;&#x430;&#x442;&#x430;&#x43B;&#x43E;&#x433; &#x43F;&#x44C;&#x435;&#x441; &#x447;&#x43B;&#x435;&#x43D;&#x43E;&#x432; &#x41E;-&#x432;&#x430; &#x440;&#x443;&#x441;. &#x434;&#x440;&#x430;&#x43C;. &#x43F;&#x438;&#x441;&#x430;&#x442;&#x435;&#x43B;&#x435;&#x439;. &#x41C;., 1914</subfield>
  </datafield>
  <datafield tag="517" ind1="0" ind2=" ">
    <subfield code="a">Le Pr&#xE9;somptif</subfield>
    <subfield code="e">&#x41E;&#x43F;&#x435;&#x440;&#x430;-&#x431;&#x443;&#x444;&#x444;</subfield>
  </datafield>
  <datafield tag="700" ind1=" " ind2="1">
    <subfield code="9">z01790</subfield>
    <subfield code="a">&#x41D;&#x438;&#x43A;&#x43E;&#x43B;&#x430;&#x435;&#x432;</subfield>
    <subfield code="b">&#x410;.&#x41D;.</subfield>
    <subfield code="f">1875-</subfield>
    <subfield code="g">&#x410;&#x43B;&#x435;&#x43A;&#x441;&#x430;&#x43D;&#x434;&#x440; &#x41D;&#x438;&#x43A;&#x43E;&#x43B;&#x430;&#x435;&#x432;&#x438;&#x447;</subfield>
  </datafield>
  <datafield tag="701" ind1=" " ind2="1">
    <subfield code="a">&#x41A;-&#x432;</subfield>
    <subfield code="b">&#x418;.</subfield>
  </datafield>
  <datafield tag="702" ind1=" " ind2="1">
    <subfield code="a">&#x413;&#x440;&#x435;&#x433;</subfield>
    <subfield code="b">&#x41B;.</subfield>
    <subfield code="g">&#x41B;&#x443;&#x438;</subfield>
    <subfield code="4">230</subfield>
  </datafield>
  <datafield tag="790" ind1=" " ind2="1">
    <subfield code="9">z01700</subfield>
    <subfield code="a">&#x41D;-&#x432;</subfield>
    <subfield code="b">&#x410;.</subfield>
    <subfield code="f">1875-</subfield>
  </datafield>
  <datafield tag="801" ind1=" " ind2="0">
    <subfield code="a">RU</subfield>
    <subfield code="b">NLR</subfield>
    <subfield code="g">psbo</subfield>
  </datafield>
  <datafield tag="801" ind1=" " ind2="0">
    <subfield code="a">RU</subfield>
    <subfield code="b">RuMoRGB</subfield>
    <subfield code="2">psbo</subfield>
  </datafield>
  <datafield tag="801" ind1=" " ind2="1">
    <subfield code="a">RU</subfield>
    <subfield code="b">ProSoft-M</subfield>
    <subfield code="2">rusmarc</subfield>
  </datafield>
  <datafield tag="852" ind1=" " ind2=" ">
    <subfield code="a">NLR</subfield>
    <subfield code="j">18.158.1.386</subfield>
  </datafield>
  <datafield tag="942" ind1=" " ind2=" ">
    <subfield code="c">BOOK</subfield>
  </datafield>
  <datafield tag="980" ind1=" " ind2=" ">
    <subfield code="a">NB</subfield>
  </datafield>
  <datafield tag="995" ind1=" " ind2=" ">
    <subfield code="5">2013-10-26</subfield>
    <subfield code="b">NLR02</subfield>
    <subfield code="c">NLR02</subfield>
    <subfield code="e">RFS</subfield>
    <subfield code="f">4839139-10</subfield>
    <subfield code="k">18.158.1.386</subfield>
    <subfield code="o">0</subfield>
    <subfield code="r">BOOK</subfield>
    <subfield code="s">181581386_</subfield>
  </datafield>
</record>
